书目信息 |
| 题名: |
晚熟杂柑优质高效生产技术
|
|
| 作者: | 郑尚龙 , 卿秋静 主编 | |
| 分册: | ||
| 出版信息: | 成都 四川科学技术出版社 2019.09 |
|
| 页数: | 235页, 16页图版 | |
| 开本: | 21cm | |
| 丛书名: | ||
| 单 册: | ||
| 中图分类: | S666.1 | |
| 科图分类: | ||
| 主题词: | 柑--gan--果树园艺 | |
| 电子资源: | ||
| ISBN: | 978-7-5364-9547-0 | |
| 000 | 01014nam0 2200253 450 | |
| 001 | CAL 0120192921995 | |
| 005 | 20230217093111.0 | |
| 010 | @a978-7-5364-9547-0@dCNY38.00 | |
| 100 | @a20191225d2019 em y0chiy0120 ea | |
| 101 | 0 | @achi |
| 102 | @aCN@b510000 | |
| 105 | @aaf a 000yy | |
| 106 | @ar | |
| 200 | 1 | @a晚熟杂柑优质高效生产技术@Awan shou za gan you zhi gao xiao sheng chan ji shu@f主编郑尚龙, 卿秋静 |
| 210 | @a成都@c四川科学技术出版社@d2019.09 | |
| 215 | @a235页, 16页图版@c图@d21cm | |
| 320 | @a有书目 (第235页) | |
| 330 | @a本书从成都市生态环境、柑橘发展历史、柑橘的生物学特性及生产条件以及晚熟杂柑品种入手, 不仅包括了品种选择、育苗、建园规划、土肥水管理、整形修枝、花果管理、病虫害防治、品质提升等栽培技术, 也介绍了采收、初加工、运输及销售环节, 从产前、产中、产后全环节阐述。 | |
| 606 | 0 | @a柑@Agan@x果树园艺 |
| 690 | @aS666.1@v5 | |
| 701 | 0 | @a郑尚龙@Azheng shang long@4主编 |
| 701 | 0 | @a卿秋静@Aqing qiu jing@4主编 |
| 801 | 0 | @aCN@bBJXHZP@c20230228 |
| 905 | @b1399155-8@dS666.1@e704@f4 | |
| 晚熟杂柑优质高效生产技术/主编郑尚龙, 卿秋静.-成都:四川科学技术出版社,2019.09 |
| 235页, 16页图版:图;21cm |
| ISBN 978-7-5364-9547-0:CNY38.00 |
| 本书从成都市生态环境、柑橘发展历史、柑橘的生物学特性及生产条件以及晚熟杂柑品种入手, 不仅包括了品种选择、育苗、建园规划、土肥水管理、整形修枝、花果管理、病虫害防治、品质提升等栽培技术, 也介绍了采收、初加工、运输及销售环节, 从产前、产中、产后全环节阐述。 |
| ● |
| 相关链接 |
|
|
|
|
正题名:晚熟杂柑优质高效生产技术
索取号:S666.1/704
 
预约/预借
| 序号 | 登录号 | 条形码 | 馆藏地/架位号 | 状态 | 备注 |
| 1 | 1399155 | 213991554 | 第二样本阅览室/ [索取号:S666.1/704] | 在馆 | |
| 2 | 1399156 | 213991563 | 第三借阅区/ [索取号:S666.1/704] | 在馆 | |
| 3 | 1399157 | 213991572 | 第三借阅区/ [索取号:S666.1/704] | 在馆 | |
| 4 | 1399158 | 213991581 | 第三借阅区/ [索取号:S666.1/704] | 在馆 |